Quelles sont ces versions françaises du Monopoly ? - Statistiques

Statistiques générales
  • Ce quiz a été pris 22 fois
  • Le résultat moyen est 23 sur 75
Statistiques - réponses
Par images Réponse % Correct
Reine des {neiges}
100%
{Cars} 3
70%
La partie la {plus} longue
70%
Marvel
70%
Super {Mario}
70%
Dragon ball
65%
France
65%
Moi, moche et {méchant}
65%
Disney
60%
{Disney} classic
60%
Edition 2014 à {2016}
60%
Pokemon
60%
Starwars
60%
DC Comics
55%
Game of {Thrones}
55%
Pixar
55%
The .{com} edition
55%
Astérix
50%
Casa de papel
50%
Edition {2017} à 2020
50%
Little {pony}
50%
France {2018}
45%
Halo
45%
{My} Monopoly
45%
AS {Saint-Etienne}
40%
Avengers
40%
Dinosaures
40%
Edition {européenne}
40%
Fallout
40%
FFF
40%
Friends
40%
Hobbit
40%
Olympique {Lyonnais}
40%
D {Day}
35%
Nintendo
35%
Tricheurs
35%
Louvre
30%
Mauvais {perdants}
30%
Mon {premier} Monopoly
30%
Zelda
30%
{Mme} Monopoly
25%
{Retour} vers le {futur}
25%
Deal
20%
{Faux} billets
20%
Monde
20%
PSG
20%
Chope et {gagne}
15%
LOSC
15%
Paul {Ricard}
15%
Pions en {folie}
15%
Speed
15%
Coffre-fort
10%
{Donjons} et {Dragons}
10%
Junior {banque} électronique
10%
Top {Cards}
10%
Arcade
5%
City
5%
{Electronique} ultime
5%
Fortune
5%
Gamer
5%
Jackpot
5%
Mega
5%
Walking Dead
5%
60e Anniversaire
0%
80e Anniversaire
0%
{Family fun} pack
0%
France {Viticole}
0%
Hôtels
0%
Millenials
0%
Nostalgie
0%
Onyx
0%
Règles {maison}
0%
Révolutions
0%
Roadtrip
0%
Signature
0%
Aucun quiz correspondant
Distribution des résultats
% des personnes avec chaque résultat
Percentile par nombre de réponses
Votre historique - résultats
Vous n’avez pas pris ce quiz